|
|
|
|
| LEADER |
00000nam0a2200000 4500 |
| 001 |
260737 |
| 005 |
20231101233514.0 |
| 035 |
|
|
|a (RuTPU)RU\TPU\book\283707
|
| 090 |
|
|
|a 260737
|
| 100 |
|
|
|a 20140517d1971 k y0rusy50 ca
|
| 101 |
0 |
|
|a rus
|
| 102 |
|
|
|a RU
|
| 105 |
|
|
|a a z 001zy
|
| 200 |
1 |
|
|a Кинетическая теория лазеров
|f В. С. Машкевич
|
| 210 |
|
|
|a Москва
|c Наука
|d 1971
|
| 215 |
|
|
|a 472 с.
|c ил.
|
| 320 |
|
|
|a Библиогр.: с. 465-469.
|
| 606 |
1 |
|
|a Плазмоника
|2 stltpush
|3 (RuTPU)RU\TPU\subj\71567
|9 85424
|
| 610 |
1 |
|
|a лазеры
|
| 610 |
1 |
|
|a резонаторы
|
| 610 |
1 |
|
|a кинетические уравнения
|
| 610 |
1 |
|
|a генерация
|
| 610 |
1 |
|
|a квазиравновесие
|
| 610 |
1 |
|
|a неравновесность
|
| 610 |
1 |
|
|a люминесцирующие центры
|
| 610 |
1 |
|
|a комбинационное рассеяние
|
| 610 |
1 |
|
|a четырехуровневые центры
|
| 610 |
1 |
|
|a устойчивость
|
| 610 |
1 |
|
|a гигантские импульсы
|
| 610 |
1 |
|
|a полупроводники
|
| 610 |
1 |
|
|a зона-зонные переходы
|
| 610 |
1 |
|
|a p-n переходы
|
| 610 |
1 |
|
|a фононы
|
| 610 |
1 |
|
|a непрямые переходы
|
| 610 |
1 |
|
|a примесь-зона
|
| 610 |
1 |
|
|a экситоны
|
| 675 |
|
|
|a 538.9
|v 3
|
| 700 |
|
1 |
|a Машкевич
|b В. С.
|g Владимир Стефанович
|
| 801 |
|
1 |
|a RU
|b 63413507
|c 20140517
|
| 801 |
|
2 |
|a RU
|b 63413507
|c 20150515
|g RCR
|
| 942 |
|
|
|c BK
|